| 000 | 00666nam a2200145Ia 4500 | ||
|---|---|---|---|
| 008 | 231221s9999 xx 000 0 und d | ||
| 041 | _aEnglish | ||
| 082 | _a020.91 KHO;1 R | ||
| 100 | _aKhoo, Christopher. Sing, Diljit. Chaudhary, Abdus Sattar. | ||
| 245 | 0 | _aProcedings of the asiapacific conference on library and information education and pratice 2006: preparing information professionals for leadership in the new age | |
| 260 |
_c2006 _bNanyang Technological University _aSigapore |
||
| 300 | _axiii, 658 | ||
| 650 | _aProcedings,asiapacific,conference,information,education,pratice,2006:,preparing,information,professionals,leadership,age | ||
| 942 | _cCP | ||
| 999 |
_c233247 _d233247 |
||